| 000 | 00331nam a2200109 4500 | ||
|---|---|---|---|
| 008 | 240910b |||||||| |||| 00| 0 eng d | ||
| 040 |
_aNational Science Library _cNational Science Library |
||
| 080 |
_a577.15=590 _bk1 |
||
| 245 | _aEnzimele de Ilie vasilescu | ||
| 260 |
_bAcademiei republicii populare romine _aRomain |
||
| 942 | _cREF | ||
| 999 |
_c66571 _d66571 |
||